00733nam a2200241 a 4500001001300000003000900013005001700022008004100039020001000080082001600090245003100106260006000137300000900197500003500206505001700241650002300258650002200281710004100303902000800344942000700352952011700359999001500476nice12345678IN_TiNIC20260116012333.0050524s1944 wasa grp 000 0 ara  ac10000a892.73bCAI aMukhtarat Min-Adabul Arabi aWashingtonbAmerican Council of Learned Societiesc1944 a370p aincludes index and biblioraphy2 aBibliography aArabic-Course Book aArabic-Literature2 aCommittee on Arabic & IslamicStudies bSRS cBK 001040708StackRoom-aHMIbHMId2008-02-12g100.00l0o892.73 CAIp013790r2008-02-12v100.00w2005-05-24yBK c6619d6619